Subcampeones de Primera División Argentina - Estadísticas

Estadísticas generales
  • Esta prueba ha sido intentada 288 veces
    38 desde el último reinicio
  • La puntuación promedio es 50 de 138
Estadísticas de respuestas
Campeonato Equipo % Correcto
Primera División 1931 San Lorenzo
68%
Primera División 1932 Independiente
65%
Liga Profesional 2023 Talleres (C)
65%
Superliga 2019-20 River Plate
62%
Primera División 2016-17 River Plate
59%
Primera División 2014 River Plate
56%
Primera División 2015 San Lorenzo
56%
Primera División 2016 San Lorenzo
53%
Final 2014 Boca Juniors
50%
Liga Profesional 2022 Racing Club
50%
Copa Campeonato 1936 San Lorenzo
50%
Copa de Oro 1936 San Lorenzo
50%
Primera División 1934 Independiente
47%
Primera División 1935 Independiente
47%
Primera División 1937 Independiente
47%
Nacional 1969 River Plate
47%
Metropolitano 1970 River Plate
47%
Nacional 1984 River Plate
47%
Primera División 1939 River Plate/Huracán
47%
Primera División 1933 Boca Juniors
44%
Primera División 1945 Boca Juniors
44%
Primera División 1946 Boca Juniors
44%
Primera División 1947 Boca Juniors
44%
Primera División 1950 Boca Juniors
44%
Liga Profesional 2021 Defensa y Justicia
44%
Superliga 2017-18 Godoy Cruz (M)
44%
Copa de Honor 1936 Huracán
44%
Primera División 1940 Independiente
44%
Primera División 1938 River Plate
44%
Primera División 1943 River Plate
44%
Primera División 1944 River Plate
44%
Primera División 1948 River Plate
44%
Primera División 1949 River Plate
44%
Primera División 1965 River Plate
44%
Nacional 1972 River Plate
44%
Nacional 1973 River Plate
44%
Final 2013 River Plate
44%
Primera División 1941 San Lorenzo
44%
Primera División 1942 San Lorenzo
44%
Primera División 1958 Boca Juniors
41%
Superliga 2018-19 Defensa y Justicia
41%
Primera División 1960 River Plate
41%
Primera División 1962 River Plate
41%
Primera División 1966 River Plate
41%
Nacional 1968 River Plate
41%
Metropolitano 1969 River Plate
41%
Apertura 1992 River Plate
41%
Metropolitano 1973 Boca Juniors
38%
Metropolitano 1978 Boca Juniors
38%
Apertura 2002 Boca Juniors
38%
Clausura 2008 Boca Juniors
38%
Nacional 1967 Estudiantes (LP)
38%
Nacional 1975 Estudiantes (LP)
38%
Primera División 1954 Independiente
38%
Primera División 1964 Independiente
38%
Primera División 1963 River Plate
38%
Nacional 1976 River Plate
38%
Nacional 1978 River Plate
38%
Apertura 2001 River Plate
38%
Nacional 1970 Rosario Central
38%
Metropolitano 1974 Rosario Central
38%
Nacional 1971 San Lorenzo
38%
Primera División 1983 San Lorenzo
38%
Primera División 1988-89 Boca Juniors
35%
Primera División 1990-91 Boca Juniors
35%
Apertura 1991 Boca Juniors
35%
Apertura 1997 Boca Juniors
35%
Clausura 2003 Boca Juniors
35%
Clausura 2004 Boca Juniors
35%
Apertura 2006 Boca Juniors
35%
Clausura 2007 Boca Juniors
35%
Metropolitano 1968 Estudiantes (LP)
35%
Clausura 2010 Estudiantes (LP)
35%
Metropolitano 1975 Huracán
35%
Clausura 2009 Huracán
35%
Primera División 1982 Independiente
35%
Nacional 1983 Independiente
35%
Primera División 1955 Racing Club
35%
Clausura 1999 River Plate
35%
Apertura 2000 River Plate
35%
Clausura 2001 River Plate
35%
Nacional 1974 Rosario Central
35%
Apertura 1999 Rosario Central
35%
Primera División 1957 San Lorenzo
35%
Primera División 1961 San Lorenzo
35%
Primera División 1987-88 San Lorenzo
35%
Apertura 1994 San Lorenzo
35%
Apertura 2003 San Lorenzo
35%
Primera División 1951 Banfield
32%
Metropolitano 1976 Huracán
32%
Clausura 1994 Huracán
32%
Metropolitano 1977 Independiente
32%
Primera División 1989-90 Independiente
32%
Clausura 1993 Independiente
32%
Apertura 1996 Independiente
32%
Clausura 2000 Independiente
32%
Inicial 2013 Lanús
32%
Primera División 1985-86 Newell's Old Boys
32%
Primera División 2013 Newell's Old Boys
32%
Primera División 1952 Racing Club
32%
Primera División 1959 Racing Club
32%
Metropolitano 1967 Racing Club
32%
Metropolitano 1972 Racing Club
32%
Apertura 2011 Racing Club
32%
Clausura 2011 Lanús
29%
Inicial 2012 Newell's Old Boys
29%
Apertura 1995 Racing Club
29%
Primera División 1953 Vélez Sarsfield
29%
Primera División 1986-87 Newell's Old Boys
26%
Apertura 2009 Newell's Old Boys
26%
Nacional 1977 Talleres (C)
26%
Metropolitano 1971 Vélez Sarsfield
26%
Nacional 1985 Vélez Sarsfield
26%
Apertura 2004 Vélez Sarsfield
26%
Apertura 2010 Vélez Sarsfield
26%
Clausura 2005 Banfield
24%
Clausura 1997 Colón (SF)
24%
Primera División 1956 Lanús
24%
Clausura 2006 Lanús
24%
Apertura 2007 Tigre
24%
Apertura 2008 Tigre
24%
Clausura 2012 Tigre
24%
Metropolitano 1979 Vélez Sarsfield
24%
Apertura 1993 Vélez Sarsfield
24%
Clausura 1998 Lanús
21%
Nacional 1982 Quilmes
21%
Nacional 1979 Unión (SF)
21%
Clausura 1992 Vélez Sarsfield
21%
Primera División 1980 Argentinos Juniors
18%
Primera División 1981 Ferro Carril Oeste
18%
Clausura 1995 Gimnasia y Esgrima (LP)
18%
Clausura 1996 Gimnasia y Esgrima (LP)
18%
Apertura 1998 Gimnasia y Esgrima (LP)
18%
Clausura 2002 Gimnasia y Esgrima (LP)
18%
Apertura 2005 Gimnasia y Esgrima (LP)
18%
Nacional 1981 Ferro Carril Oeste
15%
Primera División 1984 Ferro Carril Oeste
15%
Nacional 1980 Racing (C)
9%
No se encontraron pruebas coincidentes
Distribución de puntuación
Porcentaje de gente con cada puntuación
Porcentaje por número respondido
Historial de tus puntuaciones
No has intentado esta prueba desde el último reinicio